• 首页
  • 本馆介绍
  • 公告通知
  • 最新文献
  • 馆藏检索
  • 电子资源
  • 读者导购
  • 参考咨询
  • 我的图书馆
  • 登录
  • 详细信息显示
  • 放入我的书架
  • 预约/预借图书
  • 作者相关作品
  • 分类相关作品
  • 丛书相关作品
  • 出版社相关作品

书目信息

  • 表格格式
  • 工作单格式
  • 卡片格式
题名:
建筑总平面设计
    
 
作者: ;重庆建筑工程学院土木系建筑组 编
分册:  
出版信息: 北京   中国建筑工业出版社  1980
页数: 312页
开本: 19cm
丛书名: 建筑设计基本知识丛书
单 册:
中图分类: TU20
科图分类:
主题词: 建筑设计
电子资源:
ISBN:
000 00820nam2 2200253 45
001 0180004026
005 20060522102006.46
010    @dCNY0.72
091    @a15040.3692
100    @a19950404d1980 em y0chiy0121 ea
101 0  @achi
102    @aCN@b110000
105    @ay z 000yy
200 10 @a建筑总平面设计@Ajian zhu zong ping mian she ji@f重庆建筑工程学院建筑系编@Fchong qing jian zhu gong cheng xue yuan jian zhu xi bian
210    @a北京@c中国建筑工业出版社@d1980
215    @a312页@d19cm
225 2  @a建筑设计基本知识丛书
410  0 @120010@a建筑设计基本知识丛书
606 0  @a建筑设计
690    @aTU20
711 02 @a重庆建筑工程学院土木系建筑组@Achong qing jian zhu gong cheng xue yuan tu mu xi jian zhu zu@4编
801  2 @aCN@bNLC@c20060522
801  0 @aCN@b上海图书馆@c20040517
905    @dTU20@e89
    
    建筑总平面设计/重庆建筑工程学院建筑系编.-北京:中国建筑工业出版社,1980
    312页;19cm.-(建筑设计基本知识丛书)
    
    
    ISBN :CNY0.72
    
●
相关链接 在E读中查询图书 在五车中查询图书 在当当中查询图书 在豆瓣中查询图书


正题名:建筑总平面设计     索取号:TU20/89         预约/预借

序号 登录号 条形码 馆藏地/架位号 状态 备注
1 0125429   000701262   密集书库/ [索取号:TU20/89] 在馆    
2 0125430   001485244   第二样本阅览室/ [索取号:TU20/89] 在馆    
唐山师范学院图书馆 欢迎您!
大连网信软件有限公司© 版权所有